000 00387nam a2200145 i 4500
001 bg
100 1 _aMICHAJŁOV, Włodzimierz
245 0 _aSozologia i problemy środowiska życia człowieka /
_cWłodzimierz Michajłov.
250 _aWyd.2 popr. i uzup.
260 _aWarszawa,
_c1975.
040 _cBPK
041 _apol
942 _cKS
008 s pl f |000 0 pol
999 _c17002
_d17002
856 _uhttp://koha.tu.koszalin.pl/cgi-bin/koha/opac-detail.pl?biblionumber=17002
_yKatalog online BPK